000 00603nam a2200217Ia 4500
005 20241129105838.0
008 241129s9999||||xx |||||||||||||| ||und||
020 _a978-93-88105-35-5
037 _aTB
040 _aARTS
_beng
_cARTS
041 _aeng
_2urd
084 _aO168,3N52x Q8
_qARTS
100 _aSamad Abdus Au.
_9174538
245 0 _aDam-e-wapseen
_cSamad Abdus Au.
260 _aDelhi, India
_bEducational Publishing House
_c2018
300 _a226p.
365 _aINR
_b200
650 _aArabic Fiction
_964594
942 _cTB
_hO168,3N52x Q8
999 _c1226249
_d1226249